[Event "IECC KO-1040"]
[Site "IECC email"]
[Date "2004.05.14"]
[Round "?"]
[White "Harper, Roy"]
[Black "Galloway, Ross"]
[Result "1-0"]
[WhiteElo "1363"]
[BlackElo "1137"]
[PlyCount "37"]
[EventDate "2003.??.??"]
[EventType "match (corr)"]
[EventRounds "2"]
[SourceTitle "Corr 2020"]
[Source "ChessBase"]
[SourceDate "2019.09.30"]
[SourceVersion "1"]
[SourceVersionDate "2019.09.30"]
[SourceQuality "1"]
[WhiteTeam "United States"]
[BlackTeam "Scotland"]
[WhiteTeamCountry "USA"]
[BlackTeamCountry "SCO"]

1. e4 c5 2. Nf3 Nc6 3. d4 cxd4 4. Nxd4 Nxd4 5. Qxd4 d6 6. Nc3 e5 7. Qa4+ Bd7 8. Qb3 b6 9. Bc4 Be6 10. Bxe6 fxe6 11. Qxe6+ Qe7 12. Qb3 Nf6 13. Bg5 Qc7 14. Bxf6 gxf6 15. Nd5 Qf7 16. Qb5+ Kd8 17. 0-0-0 Bh6+ 18. Kb1 f5 19. Qc6 1-0

[Event "IECC CL7-2003.11 email"]
[Site "IECC email"]
[Date "2003.04.30"]
[Round "?"]
[White "Galloway, Ross"]
[Black "Baker, Tim"]
[Result "1-0"]
[WhiteElo "1047"]
[BlackElo "1095"]
[PlyCount "35"]
[EventDate "2003.??.??"]
[EventType "tourn (corr)"]
[EventRounds "4"]
[SourceTitle "Corr 2008"]
[Source "ChessBase"]
[SourceDate "2008.06.24"]
[SourceVersion "1"]
[SourceVersionDate "2008.06.24"]
[SourceQuality "1"]

1. e4 c5 2. Nf3 d6 3. c4 Nf6 4. Nc3 Nc6 5. d3 e6 6. g3 h6 7. Bg2 Be7 8. 0-0 0-0 9. Re1 Qc7 10. d4 cxd4 11. Nxd4 Nxd4 12. Qxd4 Bd7 13. b4 Ng4 14. Bb2 Ne5 15. Ne2 Bf6 16. Qd1 Qxc4 17. Qxd6 Nd3 18. Bxf6 1-0

[Event "IECC CL7-2003.02 email"]
[Site "IECC email"]
[Date "2003.01.13"]
[Round "?"]
[White "Griffiths, John"]
[Black "Galloway, Ross"]
[Result "1-0"]
[WhiteElo "1187"]
[BlackElo "1060"]
[PlyCount "37"]
[EventDate "2003.??.??"]
[EventType "tourn (corr)"]
[EventRounds "4"]
[SourceTitle "Corr 2008"]
[Source "ChessBase"]
[SourceDate "2008.06.24"]
[SourceVersion "1"]
[SourceVersionDate "2008.06.24"]
[SourceQuality "1"]

1. e4 e5 2. Nf3 Nc6 3. Bc4 Nf6 4. Ng5 d5 5. exd5 Nxd5 6. d4 e4 7. Nxf7 Kxf7 8. Qh5+ g6 9. Bxd5+ Be6 10. Bxe6+ Kxe6 11. Qg4+ Kf7 12. c3 Qd5 13. Qf4+ Ke6 14. Qxc7 b6 15. Qg3 Bd6 16. Bf4 Bxf4 17. Qxf4 Raf8 18. Qe3 Rf4 19. Qxf4 1-0

[Event "IECC M email"]
[Site "IECC email"]
[Date "2002.10.16"]
[Round "?"]
[White "Galloway, Ross"]
[Black "Robertson, John"]
[Result "1-0"]
[WhiteElo "1061"]
[BlackElo "975"]
[PlyCount "75"]
[EventDate "2002.??.??"]
[EventType "tourn (corr)"]
[EventRounds "6"]
[SourceTitle "Corr 2008"]
[Source "ChessBase"]
[SourceDate "2008.06.24"]
[SourceVersion "1"]
[SourceVersionDate "2008.06.24"]
[SourceQuality "1"]

1. e4 e5 2. Nf3 d6 3. Bc4 Nf6 4. 0-0 Be6 5. Bxe6 fxe6 6. d3 Nc6 7. Ng5 Qe7 8. Nc3 h6 9. Nf3 Nd4 10. a3 0-0-0 11. Be3 Nc6 12. b4 Qd7 13. d4 exd4 14. Nxd4 e5 15. Nxc6 Qxc6 16. Qd3 d5 17. exd5 Nxd5 18. Nxd5 Rxd5 19. Qf5+ Kb8 20. Qe4 Be7 21. Rad1 Rhd8 22. Rxd5 Rxd5 23. c4 Rd1 24. Qxc6 Rxf1+ 25. Kxf1 bxc6 26. c5 g5 27. Ke2 Kb7 28. Kf3 Kc8 29. Ke4 Kd8 30. Kxe5 Kd7 31. h3 Ke8 32. Ke6 Kd8 33. f4 gxf4 34. Bxf4 h5 35. Kf5 h4 36. Bg5 Bxg5 37. Kxg5 Ke7 38. Kxh4 1-0

[Event "IECC M email"]
[Site "IECC email"]
[Date "2002.10.16"]
[Round "?"]
[White "Robertson, John"]
[Black "Galloway, Ross"]
[Result "0-1"]
[WhiteElo "1009"]
[BlackElo "1046"]
[PlyCount "54"]
[EventDate "2002.??.??"]
[EventType "tourn (corr)"]
[EventRounds "6"]
[SourceTitle "Corr 2008"]
[Source "ChessBase"]
[SourceDate "2008.06.24"]
[SourceVersion "1"]
[SourceVersionDate "2008.06.24"]
[SourceQuality "1"]

1. e4 c5 2. Bc4 e5 3. Nf3 d6 4. Nc3 Nf6 5. Ng5 Be6 6. Bxe6 fxe6 7. Nxe6 Qe7 8. Nxf8 Rxf8 9. d3 Nc6 10. 0-0 g6 11. Nd5 Nxd5 12. exd5 Nd4 13. Be3 0-0-0 14. c3 Nf5 15. d4 exd4 16. cxd4 Nxe3 17. fxe3 Qxe3+ 18. Kh1 Rxf1+ 19. Qxf1 Qxd4 20. Rb1 Qxd5 21. b3 Rd7 22. Rb2 Rf7 23. Rf2 Rxf2 24. Qxf2 Qd1+ 25. Qg1 Qxg1+ 26. Kxg1 Kd7 27. Kf2 Ke6 0-1

[Event "IECC M email"]
[Site "IECC email"]
[Date "2002.08.07"]
[Round "?"]
[White "Biagini, Fabiano"]
[Black "Galloway, Ross"]
[Result "1-0"]
[WhiteElo "971"]
[BlackElo "1012"]
[PlyCount "85"]
[EventDate "2002.??.??"]
[EventType "tourn (corr)"]
[EventRounds "6"]
[SourceTitle "Corr 2008"]
[Source "ChessBase"]
[SourceDate "2008.06.24"]
[SourceVersion "1"]
[SourceVersionDate "2008.06.24"]
[SourceQuality "1"]

1. e4 c5 2. Nc3 g6 3. Nf3 Bg7 4. Bb5 a6 5. Bc4 e6 6. d3 b5 7. Bb3 Ne7 8. 0-0 d5 9. exd5 exd5 10. Re1 0-0 11. Bg5 f6 12. Bd2 Kh8 13. a4 d4 14. Ne4 f5 15. Neg5 Qe8 16. Ne6 Bxe6 17. Bxe6 Nbc6 18. Ng5 h6 19. Qf3 Ne5 20. Qg3 N7c6 21. Bf4 Ra7 22. axb5 Nd8 23. Bxe5 Bxe5 24. Qxe5+ Rg7 25. Rxa6 hxg5 26. Bd5 Qxe5 27. Rxe5 Kh7 28. b6 Nf7 29. Re7 Nd6 30. Raa7 Rxe7 31. Rxe7+ Kh6 32. Kf1 Rb8 33. b7 g4 34. c3 c4 35. dxc4 d3 36. f3 gxf3 37. gxf3 d2 38. Ke2 Nxb7 39. Bxb7 Rd8 40. Bd5 Rb8 41. b4 Rh8 42. Kxd2 Kg5 43. Re2 1-0

[Event "IECC M email"]
[Site "IECC email"]
[Date "2002.06.30"]
[Round "?"]
[White "Galloway, Ross"]
[Black "Vonk, Robin M"]
[Result "1-0"]
[WhiteElo "1028"]
[BlackElo "976"]
[PlyCount "29"]
[EventDate "2002.??.??"]
[EventType "tourn (corr)"]
[EventRounds "6"]
[SourceTitle "Corr 2008"]
[Source "ChessBase"]
[SourceDate "2008.06.24"]
[SourceVersion "1"]
[SourceVersionDate "2008.06.24"]
[SourceQuality "1"]

1. e4 c5 2. Nf3 d5 3. exd5 Qxd5 4. c4 Qd6 5. Nc3 Bg4 6. Be2 Bxf3 7. Bxf3 Qe6+ 8. Qe2 Qxe2+ 9. Nxe2 Nc6 10. Bxc6+ bxc6 11. d4 cxd4 12. Nxd4 c5 13. Nb5 Kd8 14. Bf4 f6 15. 0-0-0+ 1-0

[Event "IECC M email"]
[Site "IECC email"]
[Date "2002.06.30"]
[Round "?"]
[White "Galloway, Ross"]
[Black "Worland, Richard"]
[Result "0-1"]
[WhiteElo "1010"]
[BlackElo "1076"]
[PlyCount "44"]
[EventDate "2002.??.??"]
[EventType "tourn (corr)"]
[EventRounds "6"]
[SourceTitle "Corr 2008"]
[Source "ChessBase"]
[SourceDate "2008.06.24"]
[SourceVersion "1"]
[SourceVersionDate "2008.06.24"]
[SourceQuality "1"]

1. e4 e5 2. Nf3 Nf6 3. Nxe5 Nxe4 4. f3 Qh4+ 5. g3 Nxg3 6. d3 Nxh1+ 7. Kd2 Qf4+ 8. Ke1 Qxe5+ 9. Qe2 Qxe2+ 10. Bxe2 Nc6 11. Bf4 Nb4 12. Bd1 Nd5 13. Bd2 Bc5 14. Kf1 Ne3+ 15. Bxe3 Bxe3 16. Nc3 d6 17. Kg2 Nf2 18. Nd5 Nxd1 19. Rxd1 Bb6 20. b3 Be6 21. Re1 Kd7 22. Nf4 Rae8 0-1

[Event "IECC M email"]
[Site "IECC email"]
[Date "2002.06.30"]
[Round "?"]
[White "Vonk, Robin M"]
[Black "Galloway, Ross"]
[Result "0-1"]
[WhiteElo "991"]
[BlackElo "1013"]
[PlyCount "30"]
[EventDate "2002.??.??"]
[EventType "tourn (corr)"]
[EventRounds "6"]
[SourceTitle "Corr 2008"]
[Source "ChessBase"]
[SourceDate "2008.06.24"]
[SourceVersion "1"]
[SourceVersionDate "2008.06.24"]
[SourceQuality "1"]

1. e4 e5 2. Nf3 Nc6 3. d4 exd4 4. Nxd4 Nxd4 5. Qxd4 c5 6. Qe5+ Qe7 7. Qxe7+ Nxe7 8. Nc3 b6 9. Bc4 Bb7 10. 0-0 f5 11. Re1 Rd8 12. exf5 d5 13. Bb5+ Kf7 14. Re5 Rd6 15. a3 Rf6 0-1